| 000 | 00535nam a2200193Ia 4500 | ||
|---|---|---|---|
| 005 | 20250326144328.0 | ||
| 008 | 250326s9999 xx 000 0 und d | ||
| 037 | _aTextbook | ||
| 040 |
_aFMSL _beng _cFMSL |
||
| 041 |
_aeng _2eng |
||
| 084 |
_aX:434.2 P7 _qFMSL |
||
| 100 |
_aAhmed S _9304536 |
||
| 245 | 0 |
_aJob creation and poverty reduction in Inida _cAhmed S |
|
| 260 |
_aNew Delhi _bNew Delhi, Sage _c2007 |
||
| 365 | _b695 | ||
| 650 |
_aEconomy _9662352 |
||
| 942 |
_cTB _hX:434.2 P7 |
||
| 999 |
_c1303327 _d1303327 |
||